Miasta z największym przeciętnym wynagrodzeniem - Statystyki

Ogólne statystyki
  • Ten quiz został rozwiązany 28 razy
  • Średni wynik to 13 z 15
Statystyki odpowiedzi
Pierwsza litera Województwo Odpowiedź Przeciętne wynagrodzenie % Poprawnych
G pomorskie Gdańsk 7 877 pln
100%
K śląskie Katowice 8 017 pln
100%
K małopolskie Kraków 8 157 pln
100%
S zachodniopomorskie Szczecin 6 944 pln
100%
W mazowieckie Warszawa 8 540 pln
100%
W dolnośląskie Wrocław 7 392 pln
100%
G pomorskie Gdynia 6 986 pln
96%
P wielkopolskie Poznań 7 363 pln
96%
G śląskie Gliwice 7 470 pln
88%
D, G (dwa słowa) śląskie Dąbrowa Górnicza 7 272 pln
83%
P mazowieckie Płock 7 898 pln
79%
L dolnośląskie Lubin 11 362 pln
75%
B łódzkie Bełchatów 8 140 pln
71%
P mazowieckie Pruszków 7 516 pln
67%
J śląskie Jaworzno 7 568 pln
63%
Nie znaleziono quizów pasujących do podanych kryteriów
Rozkład punktacji
Procent ludzi z każdym wynikiem
Percentyl według liczby udzielonych odpowiedzi
Twoja historia wyników
Nie rozwiązałeś tego quizu